000 00552 a2200181 4500
005 20260406123320.0
008 260403b |||||||| |||| 00| 0 eng d
020 _a9789355517975
_cRs. 899.00
040 _aMAIN
082 _a540.285
_bK131P
100 _aKanagasabapathy, M
245 _aPython for chemistry: Introduction to Phython algorithms, simulations, and programming for chemistry
260 _bBPB Publications
_c2026
_aNew Delhi
300 _axx, 347
650 _aChemistry
650 _aComputer applications-Chemistry
942 _cBK
999 _c394548
_d394548